Central Library OPAC University of Rajshahi

Making sense of governance : (Record no. 49548)

MARC details
000 -LEADER
fixed length control field 00939cam a2200277 a 4500
001 - CONTROL NUMBER
control field 49548
003 - CONTROL NUMBER IDENTIFIER
rucl marc code BD-RjUL
005 - DATE AND TIME OF LATEST TRANSACTION
control field 20211209054707.0
008 - FIXED-LENGTH DATA ELEMENTS--GENERAL INFORMATION
fixed length control field 160821s2005 ii a 001 0 eng
020 ## - INTERNATIONAL STANDARD BOOK NUMBER
International Standard Book Number 81309007769
035 ## - SYSTEM CONTROL NUMBER
System control number (BD-RjUL) 49667
040 ## - CATALOGING SOURCE
Original cataloging agency DLC
Transcribing agency DLC
Modifying agency DLC
-- BD-RjUL
Language of cataloging eng
041 ## - LANGUAGE CODE
Language code of text/sound track or separate title eng
082 00 - DEWEY DECIMAL CLASSIFICATION NUMBER
Classification number 320.91724
Edition number 23
Author mark and year HYM 2005
100 1# - MAIN ENTRY--PERSONAL NAME
Personal name Hydén, Göran
Dates associated with a name 1938-
9 (RLIN) 148619
245 10 - TITLE STATEMENT
Title Making sense of governance :
Remainder of title empirical evidence from sixteen developing countries /
Statement of responsibility, etc. Goran Hyden, Julius Court, and Kenneth Mease.
260 ## - PUBLICATION, DISTRIBUTION, ETC. (IMPRINT)
Place of publication, distribution, etc. New Delhi :
Name of publisher, distributor, etc. Viva books private Litd,
Date of publication, distribution, etc. 2005
300 ## - PHYSICAL DESCRIPTION
Pagination x, 262 p. :
Illustrations ill.
Size 24 cm.
500 ## - GENERAL NOTE
General note Includes index.
650 #0 - SUBJECT ADDED ENTRY--TOPICAL TERM
Topical term or geographic name as entry element Comparative government
General subdivision Research.
9 (RLIN) 148620
651 #0 - SUBJECT ADDED ENTRY--GEOGRAPHIC NAME
Geographic name Developing countries
General subdivision Politics and government.
9 (RLIN) 125480
700 1# - ADDED ENTRY--PERSONAL NAME
Personal name Court, Julius
Personal name Mease, Kenneth
Dates associated with a name 1951-
942 ## - ADDED ENTRY ELEMENTS (KOHA)
Source of classification or shelving scheme Dewey Decimal Classification
Koha item type Books
Holdings
Lost status Source of classification or shelving scheme Damaged status Not for loan Collection code Permanent Location Current Location Shelving location Date acquired Source of acquisition Cost, normal purchase price Total Checkouts Full call number Date last seen Date checked out Copy number Koha item type
  Dewey Decimal Classification     Non-fiction Central Library, University of Rajshahi Central Library, University of Rajshahi   08/08/2007 Dhaka, Paragon Enterprises Ltd 595.00 2 320.91724 HYM 2005 05/07/2022 27/06/2022 C-2 Books
  Dewey Decimal Classification   Not For Loan Non-fiction Central Library, University of Rajshahi Central Library, University of Rajshahi Reading Room 08/08/2007 Dhaka, Paragon Enterprises Ltd 595.00   320.91724 HYM 2005 26/12/2016   C-1 Books